| 000 | 00616nam a2200241Ia 4500 | ||
|---|---|---|---|
| 003 | OSt | ||
| 005 | 20220918190451.0 | ||
| 006 | a|||||r|||| 00| 0 | ||
| 007 | ta | ||
| 008 | 220917b |||||||| |||| 00| 0 eng d | ||
| 024 | _a57,031 | ||
| 037 | _cTextual | ||
| 040 |
_aARTS _cARTS _beng |
||
| 041 |
_2eng _aeng |
||
| 082 | _aQ:(G)z7, M6 | ||
| 100 |
_aHerder B _972716 |
||
| 245 | 0 | _aLectures on the history of religions | |
| 260 |
_aNew Delhi _bIndi American Pub _c1986 |
||
| 300 |
_aviip. _ccm. |
||
| 650 | _aRELIGION | ||
| 942 |
_hQ:(G)z7, M6 _cTEXL _2CC |
||
| 999 |
_c185288 _d185288 |
||